La rebelión de los brujos / (Registro nro. 11205)

Detalles MARC
000 -LIDER
fixed length control field 00762nam a2200277 b 4500
001 - NÚMERO DE CONTROL
Identificador de número de control 0000619
003 - IDENTIFICACDOR DE NÚMERO DE CONTROL
control field DO-SdBNP
005 - DATE AND TIME OF LATEST TRANSACTION
control field 20180202153344.0
007 - CAMPOS FIJOS DE DESCRIPCIÓN FÍSICA
fixed length control field 0000619
008 - ELEMENTOS DE LONGITUD FIJA
fixed length control field 050617 1973 sp spa
017 ## - NÚMERO DE REGISTRO DE DERECHOS DE AUTOR
Copyright or legal deposit number
Assigning agency
020 ## - ISBN
International Standard Book Number 8401310237
035 ## - NÚMERO LOCAL
System control number
040 ## - FUENTE DE CATALOGACIÓN
Agencia que crea de manera original el registro BPMSU
Idioma de catalogación spa
Agencia que realiza la transcripción BPMSU
Convenciones de la despripción
100 1# - ASIENTO PRINCIPAL -- NOMBRE PERSONAL
Nombre personal Pauwels, Louis
240 1# - TITULO UNIFORME
Título uniforme La revolte des magiciens
245 13 - MENCIÓN DE TITULO
Título La rebelión de los brujos /
Medio (Designación general de material)
Mención de responsabilidad Louis Pauwels, Jacques Bergier ; traducción J. Ferrer Aleu
250 ## - MENCIÓN DE EDICION
Mención de edición 6a. ed.
260 ## - PUBLICACIÓN, DISTRIBUCIÓN, ETC. (PIE DE IMPRENTA)
Lugar de publicación, distribución, etc Barcelona :
Nombre del editor, distribuidor, etc. Plaza & Janes,
Fecha de publicación, distribución, etc 1973.
300 ## - DESCRIPCIÓN FÍSICA
Extensión 281 p. :
Dimensiones 22 cm
700 12 - ASIENTO SECUNDARIO -- NOMBRE PERSONAL
Nombre personal Bergier, Jacquez
700 12 - ASIENTO SECUNDARIO -- NOMBRE PERSONAL
Nombre personal Ferrer Aleu, J.
Mención de responsabilidad trad.
942 ## - ADDED ENTRY ELEMENTS (KOHA)
Source of classification or shelving scheme Dewey Decimal Classification
Koha item type Libros
945 ## - INFORMACIÓN DE PROCESAMIENTO LOCAL
Información de procesamiento local Inventariado, 2018 / BT
956 ## - LOCAL ELECTRONIC LOCATION AND ACCESS (OCLC)
Nombre de host YLOCKWARD
Número de acceso 10
Trayectoria BPMSU
Nombre Electrónico 00144
Existencias
Withdrawn status Lost status Source of classification or shelving scheme Damaged status Not for loan Collection code Home library Current library Date acquired Source of acquisition Total Checkouts Barcode Date last seen Price effective from Koha item type
    Dewey Decimal Classification     Colección Juvenil General Biblioteca Pública Metropolitana Salomé Ureña Biblioteca Pública Metropolitana Salomé Ureña 08/29/2016 Sin sellar   BPMSU16080249 08/29/2016 08/29/2016 Libros